00405nam a2200133 a 4500008004100000020001500041050001600056100002100072245008000093246001500173260006100188300001300249350000900262120416s0000 ||||||||||||||||| || u a0917094123 aT 174.3 Cod aHolland, Susan S10aCodes of conduct for the transfer of technologycedited by Susan S. Holland aa critique aNew YorkbCouncil of the Americas and Fund for Mulc1976 ax, 129p. a0.00